100 największych miast w Niemczech (z mapą) - Statystyki

Ogólne statystyki
  • Ten quiz został rozwiązany 3 965 razy
    3 548 od ostatniego zresetowania
  • Średni wynik to 30 z 100
Odpowiedzi na mapie
Odpowiedzi zakodowano w zielono-czerwonej skali na mapie do tego quizu, zgodnie z poniższymi procentami.
 
Statystyki odpowiedzi
# Populacja Miasto % Poprawnych
1 3 677 472 Berlin
99%
3 1 487 708 Monachium
96%
2 1 853 935 Hamburg
94%
5 759 224 Frankfurt nad Menem
88%
4 1 073 096 Kolonia
86%
9 586 852 Dortmund
84%
12 555 351 Drezno
82%
8 601 866 Lipsk
81%
11 563 290 Brema
76%
6 626 275 Stuttgart
72%
13 535 932 Hanower
70%
14 510 632 Norymberga
68%
7 619 477 Düsseldorf
67%
42 183 154 Poczdam
60%
19 331 885 Bonn
56%
10 579 432 Essen
56%
39 208 400 Rostock
56%
29 246 243 Kilonia
55%
32 236 188 Magdeburg
50%
23 296 478 Augsburg
48%
49 163 851 Leverkusen
46%
64 123 949 Wolfsburg
45%
26 260 126 Gelsenkirchen
42%
83 98 359 Chociebuż
41%
43 179 634 Saarbrücken
41%
18 334 002 Bielefeld
40%
36 216 277 Lubeka
39%
27 249 070 Akwizgran
38%
15 495 152 Duisburg
38%
21 311 831 Mannheim
38%
16 363 441 Bochum
37%
35 217 556 Moguncja
37%
60 126 949 Ulm
36%
37 213 227 Erfurt
34%
54 153 542 Ratyzbona
32%
28 248 823 Brunszwik
31%
30 243 105 Chemnitz
31%
25 261 001 Monchengladbach
31%
20 317 713 Münster
31%
75 110 502 Jena
29%
57 138 016 Ingolstadt
28%
22 306 502 Karlsruhe
28%
17 354 572 Wuppertal
28%
40 200 406 Kassel
26%
50 159 631 Darmstadt
25%
48 165 034 Osnabruck
25%
31 238 061 Halle
24%
81 99 292 Kaiserslautern
23%
24 278 950 Wiesbaden
23%
59 129 122 Furth
22%
70 113 173 Bremerhaven
21%
93 91 113 Flensburg
21%
47 170 389 Oldenburg
21%
56 152 531 Paderborn
21%
61 126 933 Würzburg
21%
84 95 740 Schwerin
20%
94 86 592 Zwickau
20%
68 113 638 Koblencja
19%
98 84 736 Konstancja
19%
74 110 570 Trewir
18%
66 116 557 Getynga
17%
51 159 245 Heidelberg
16%
33 231 848 Fryburg Bryzgowijski
15%
91 91 368 Gera
14%
44 179 238 Hamm
14%
38 208 752 Oberhausen
14%
34 227 050 Krefeld
13%
69 113 292 Erlangen
11%
41 188 713 Hagen
11%
58 131 295 Offenbach nad Menem
11%
62 125 613 Heilbronn
10%
80 100 319 Hildesheim
10%
45 172 145 Ludwigshafen nad Renem
10%
78 101 516 Siegen
10%
52 158 957 Solingen
10%
88 91 877 Tybinga
10%
85 95 107 Witten
10%
63 125 529 Pforzheim
9%
99 83 850 Wormacja
9%
65 117,311 Bottrop
8%
53 156 621 Herne
8%
86 93 117 Ludwigsburg
8%
76 103 725 Moers
8%
55 152 731 Neuss
8%
67 116 456 Reutlingen
8%
77 103 694 Salzgitter
8%
95 86 475 Villingen-Schwenningen
8%
72 111 645 Bergisch Gladbach
7%
90 91 814 Düren
7%
92 91 255 Gießen
7%
79 101 158 Gütersloh
7%
82 98 502 Hanau
7%
46 170 739 Mülheim an der Ruhr
7%
73 110 714 Recklinghausen
7%
71 111 770 Remscheid
6%
87 92 640 Esslingen nad Neckarem
5%
89 91 873 Iserlohn
5%
97 85 721 Lünen
5%
100 83 697 Marl
5%
96 86 424 Ratingen
5%
Nie znaleziono quizów pasujących do podanych kryteriów
Rozkład punktacji
Procent ludzi z każdym wynikiem
Percentyl według liczby udzielonych odpowiedzi
Twoja historia wyników
Nie rozwiązałeś tego quizu od ostatniego zresetowania